00405nam a2200169 a 450000100060000000300090000600800410001502000170005604000280007308200170010110000200011824500120013826000230015030000100017365000320018365000200021523116CO-ViMGA141112s2004 ck r 000 u spa d a978846636247 aCO-ViMGAbspacCO-ViMGA04a823.91 P855d1 aPullman, Philip10aLa daga aEspaña : bB s.a a283p.14aASESINATOS EN LA LITERATURA14aNOVELA INGLESA